Thuốc chủ yếu Danh mục thuốc của bộ y tế
Đã lưu trong:
| 主要作者: | |
|---|---|
| 格式: | 圖書 |
| 語言: | Undetermined |
| 出版: |
Tp. HCM
Trường Trung học Y tế Tp. HCM
1987
|
| 主題: | |
| 標簽: |
添加標簽
沒有標簽, 成為第一個標記此記錄!
|
| Thư viện lưu trữ: | Trung tâm Học liệu Trường Đại học Cần Thơ |
|---|
| LEADER | 00611nam a2200193Ia 4500 | ||
|---|---|---|---|
| 001 | CTU_7875 | ||
| 008 | 210402s9999 xx 000 0 und d | ||
| 082 | |a 615.103 | ||
| 082 | |b H513t | ||
| 100 | |a Ngô Thế Hùng | ||
| 245 | 0 | |a Thuốc chủ yếu | |
| 245 | 0 | |b Danh mục thuốc của bộ y tế | |
| 245 | 0 | |c Ngô Thế Hùng, Nguyễn Vĩnh Niên | |
| 260 | |a Tp. HCM | ||
| 260 | |b Trường Trung học Y tế Tp. HCM | ||
| 260 | |c 1987 | ||
| 650 | |a drugs - catalogs | ||
| 904 | |i Nguyễn Huỳnh Mai, 960907 | ||
| 980 | |a Trung tâm Học liệu Trường Đại học Cần Thơ | ||